00643 2200253 4500001002100000005001500021035002000036007000300056008004100059082001200100084001600112245005500128250001000183260004500193300002100238650003400259711002400293990001200317990001200329990001200341990001200353990001200365990001200377INLIS00000000001753720241112103602 a0010-1124000002ta241112 g 0 ind  a342.598 a342.598 UUD aUUD RI 1945 dan Amandemennya /cTim Garda Cendikia acet.1 aD.I. Yogyakarta :bGarda Cendekia,c2022 a56 hal. ;c15 cm 4aUNDANG-UNDANG DASAR-INDONESIA0 aTIM, Garda Cendekia a12353 a a12353 b a12353 b a12353 a a12353 a a12353 b